Problems with condensation (Record no. 84529)

MARC details
000 -LEADER
fixed length control field 01020cab a22002415a 4500
001 - CONTROL NUMBER
control field L158190
008 - FIXED-LENGTH DATA ELEMENTS--GENERAL INFORMATION
fixed length control field 141009e2014 xxk 000 0 eng d
035 ## - SYSTEM CONTROL NUMBER
System control number (Sirsi) u158190
041 0# - LANGUAGE CODE
Language code of text/sound track or separate title eng
100 1# - MAIN ENTRY--PERSONAL NAME
Personal name Yorke, Trevor
245 00 - TITLE STATEMENT
Title Problems with condensation
Remainder of title Damp or condensation that is the question
260 ## - PUBLICATION, DISTRIBUTION, ETC.
Date of publication, distribution, etc. 2014
490 ## - SERIES STATEMENT
Series statement Letting Update Journal
Volume/sequential designation 22(3) October 2014, 28-31(2)
520 ## - SUMMARY, ETC.
Summary, etc. Discusses the causes and effect of condensation and suggests way of reducing and elimination by ensuring adequate ventiliation, insulation and heating and dehumidifers. Offers guidance on removing mould. Diagram illustrates potential areas of mould growth in a bedroom due to poor condensation. See also L158189 for information on how to distinguish the differences between damp and condensation
590 ## - LOCAL NOTE (RLIN)
Local note KA
650 24 - SUBJECT ADDED ENTRY--TOPICAL TERM
Topical term or geographic name entry element DAMP
650 24 - SUBJECT ADDED ENTRY--TOPICAL TERM
Topical term or geographic name entry element CONDENSATION
650 24 - SUBJECT ADDED ENTRY--TOPICAL TERM
Topical term or geographic name entry element VENTILATION
651 #4 - SUBJECT ADDED ENTRY--GEOGRAPHIC NAME
Geographic name United Kingdom
Chronological subdivision
690 ## - LOCAL SUBJECT ADDED ENTRY--TOPICAL TERM (OCLC, RLIN)
Topical term or geographic name as entry element Energy
9 (RLIN) 6237
690 ## - LOCAL SUBJECT ADDED ENTRY--TOPICAL TERM (OCLC, RLIN)
Topical term or geographic name as entry element Landlord and tenant
9 (RLIN) 6252
942 ## - ADDED ENTRY ELEMENTS (KOHA)
Suppress in OPAC 0
Holdings
Withdrawn status Lost status Source of classification or shelving scheme Damaged status Not for loan Home library Current library Shelving location Date acquired Total Checkouts Full call number Barcode Date last seen Copy number Price effective from Koha item type
    Dewey Decimal Classification     London London Journal article 09/10/2014   L158190 158190-1001 06/08/2019 1 06/08/2019 Journal article